| 000 | 00529nam a2200193 a 4500 | ||
|---|---|---|---|
| 001 | 000499808 | ||
| 003 | AM-YeHGA | ||
| 005 | 20250617162942.0 | ||
| 008 | 060912s1959 ru |||||r|||||000|0|rus|d | ||
| 040 | _aAM-YeHGA | ||
| 041 | 0 | _arus | |
| 100 | 1 | _aБрейдо, И.С. | |
| 245 | 1 | 0 |
_aМедицина и знахарство / _cИ.С. Брейдо. |
| 260 |
_aЛенинград : _b[Б. и.], _c1959. |
||
| 300 |
_a36 с. ; _c18 см. |
||
| 650 | 1 | 4 | _aМедицина |
| 650 | 1 | 4 | _aЗнахарство |
| 090 | _c501779 | ||
| 999 |
_c498377 _d498377 |
||